header

Building a culture of literacy month-by-month / (Record no. 265699)

MARC details
000 -LEADER
fixed length control field 01300cam a22003494a 4500
001 - CONTROL NUMBER
control field 14934829
003 - CONTROL NUMBER IDENTIFIER
control field OSt
005 - DATE AND TIME OF LATEST TRANSACTION
control field 20260119133132.0
008 - FIXED-LENGTH DATA ELEMENTS--GENERAL INFORMATION
fixed length control field 070719s2008 nyua 000 0 eng
010 ## - LIBRARY OF CONGRESS CONTROL NUMBER
LC control number 2007029850
020 ## - INTERNATIONAL STANDARD BOOK NUMBER
International Standard Book Number 9781596670679
035 ## - SYSTEM CONTROL NUMBER
System control number 14934829
040 ## - CATALOGING SOURCE
Original cataloging agency DLC
Transcribing agency DLC
Modifying agency DLC
050 10 - LIBRARY OF CONGRESS CALL NUMBER
Classification number LB1576
Item number .D23727 2008
082 00 - DEWEY DECIMAL CLASSIFICATION NUMBER
Classification number 372.6
Edition number 22
100 1# - MAIN ENTRY--PERSONAL NAME
Personal name Davis, Hilarie.
245 10 - TITLE STATEMENT
Title Building a culture of literacy month-by-month /
Statement of responsibility, etc Hilarie B. Davis ; illustrations by Larry Ross.
260 ## - PUBLICATION, DISTRIBUTION, ETC. (IMPRINT)
Place of publication, distribution, etc Larchmont, NY :
Name of publisher, distributor, etc Eye on Education,
Date of publication, distribution, etc c2008.
300 ## - PHYSICAL DESCRIPTION
Extent 211 p. :
Other physical details ill. ;
Dimensions 26 cm.
336 ## - CONTENT TYPE
Content type term text
Content type code txt
Source rdacontent
337 ## - MEDIA TYPE
Media type term unmediated
Media type code n
Source rdamedia
338 ## - CARRIER TYPE
Carrier type term volume
Carrier type code nc
Source rdacarrier
650 #0 - SUBJECT ADDED ENTRY--TOPICAL TERM
Topical term or geographic name as entry element English language
General subdivision Study and teaching
-- Activity programs.
Topical term or geographic name as entry element Calendar.
700 1# - ADDED ENTRY--PERSONAL NAME
Personal name Ross, Larry,
Dates associated with a name 1943-
856 41 - ELECTRONIC LOCATION AND ACCESS
Materials specified Table of contents only
Uniform Resource Identifier <a href="http://www.loc.gov/catdir/toc/fy0803/2007029850.html">http://www.loc.gov/catdir/toc/fy0803/2007029850.html</a>
Materials specified Publisher description
Uniform Resource Identifier <a href="http://www.loc.gov/catdir/enhancements/fy1007/2007029850-d.html">http://www.loc.gov/catdir/enhancements/fy1007/2007029850-d.html</a>
906 ## - LOCAL DATA ELEMENT F, LDF (RLIN)
a 7
b cbc
c orignew
d 1
e ecip
f 20
g y-gencatlg
942 ## - ADDED ENTRY ELEMENTS (KOHA)
Source of classification or shelving scheme Library of Congress Classification
Koha item type Long Loan Books
Holdings
Withdrawn status Lost status Source of classification or shelving scheme Damaged status Not for loan Collection code Home library Current library Shelving location Date acquired Total Checkouts Full call number Barcode Date last seen Price effective from Koha item type
    Library of Congress Classification     Non-fiction Rongo University Library Rongo University Library General Stacks 19/01/2026   LB1576 .D23727 2008 20261232 19/01/2026 19/01/2026 Long Loan Books

© 2026 Rongo University
Contact us: librarian | system librarian | Rongo university